Moderní učebnice elektroniky. 4. díl. Přenosové charakteristiky elektronických obvodů, tranzistorové zesiloveče : Přechodné deje, kmitočtové charakteristiky...
Uložené v:
| Hlavný autor: | |
|---|---|
| Médium: | Kniha |
| Jazyk: | Czech |
| Vydavateľské údaje: |
Praha :
BEN - technická literatura,
2005
|
| Predmet: | |
| Tagy: |
Žiadne tagy, Buďte prvý, kto otaguje tento záznam!
|
MARC
| LEADER | 00000nam a22000003a 4500 | ||
|---|---|---|---|
| 001 | stu139777 | ||
| 005 | 20150617225925.7 | ||
| 008 | 070410s2005----xr------------------cze-d | ||
| 020 | |a 80-7300-185-3 | ||
| 040 | |a STU |b slo | ||
| 041 | 0 | |a cze | |
| 044 | |a xr | ||
| 080 | |a 621.382 | ||
| 080 | |a 621.372 | ||
| 100 | 1 | |a Doleček, Jaroslav |4 aut | |
| 245 | 1 | |a Moderní učebnice elektroniky. 4. díl. Přenosové charakteristiky elektronických obvodů, tranzistorové zesiloveče : |b Přechodné deje, kmitočtové charakteristiky... | |
| 260 | |a Praha : |b BEN - technická literatura, |c 2005 | ||
| 300 | |a 291 s | ||
| 650 | 7 | |a elektronika |2 stusub | |
| 650 | 7 | |a elektronické obvody |2 stusub | |
| 650 | 7 | |a optoelektronika |2 stusub | |
| 650 | 7 | |a tranzistory |2 stusub | |
| 650 | 7 | |a zosilovače |2 stusub | |
| 996 | |b 284EK87603 |c E*87603 |l EE11 |s P |a 0 |w stu139777_0001 | ||
| 996 | |b 284EK86842 |c E*86842 |l EE01 |s A |a 24 |w stu139777_0002 | ||